LEADER 01221cam0-2200397---450- 001 990004846970403321 005 20100727145617.0 035 $a000484697 035 $aFED01000484697 035 $a(Aleph)000484697FED01 035 $a000484697 100 $a19990604d1973----km-y0itay50------ba 101 0 $aita 102 $aIT 105 $ay-------001yy 200 1 $a<>libro dei vagabondi$elo «Speculum Cerretanorum» di Teseo Pini, «Il vagabondo» di Rafaele Frianoro e altri testi di furfanteria$fa cura di Piero Camporesi 210 $aTorino$cEinaudi$d1973 215 $aCLXXXII, 426 p.$d18 cm 225 1 $aNuova universale Einaudi$v145 610 0 $aPauperismo$aTesti 610 0 $aVagabondaggio$aTesti 676 $a305.568 676 $a808.83 702 1$aCamporesi,$bPiero$f<1926-2007> 702 1$aFrianoro,$bRafaele 702 1$aPini,$bTeseo 801 0$aIT$bUNINA$gRICA$2UNIMARC 901 $aBK 912 $a990004846970403321 952 $a808.83 CAM 1$bIst.f.m.24137$fFLFBC 952 $a808.83 CAM 1BIS$bIst.glot.. s.i.$fFLFBC 952 $aF.Russo 1636$bDip.f.m. s.i.$fBAT 959 $aBAT 959 $aFLFBC 996 $aLibro dei vagabondi$9142190 997 $aUNINA LEADER 00935nam0-22003131i-450- 001 990000418470403321 005 20001010 035 $a000041847 035 $aFED01000041847 035 $a(Aleph)000041847FED01 035 $a000041847 100 $a20001010d--------km-y0itay50------ba 101 0 $aita 105 $ay-------001yy 200 1 $aPoliedri e reticoli spaziali$eEsperienze e ricerche dei seminari del Corso di Disegno della Facoltà di Bari$fAngeloAmbrosi, Giuseppe Radicchio 210 $aBari$cs.e.$ds.d. 215 $a[40] p.$cill.$d30 cm 300 $aIl volume è composto di copie fotostatiche e non presenta paginazione 610 0 $aDisegno 676 $a740 700 1$aAmbrosi,$bAngelo 702 1$aRadicchio,$bGiuseppe 801 0$aIT$bUNINA$gRICA$2UNIMARC 901 $aBK 912 $a990000418470403321 952 $a08 G 48$b102 (AT)$fDINED 959 $aDINED 997 $aUNINA DB $aING01 LEADER 01938oam 2200553Ia 450 001 9910702360303321 005 20121130144823.0 035 $a(CKB)5470000002426555 035 $a(OCoLC)819759198 035 $a(EXLCZ)995470000002426555 100 $a20121130d1988 ua 0 101 0 $aeng 135 $aurbn||||||||| 181 $ctxt$2rdacontent 182 $cc$2rdamedia 183 $acr$2rdacarrier 200 10$aExperiences with serial and parallel algorithms for channel routing using simulated annealing$b[electronic resource] /$fby Randall Jay Brouwer 210 1$aHampton, Va. :$cNASA Langley Research Center,$d[1988] 215 $a1 online resource (ix, 48 pages) $cillustrations 225 1 $aNASA contractor report ;$vNASA-CR-182530 300 $aTitle from title screen (viewed on Nov. 30, 2012). 300 $a"February 1988." 320 $aIncludes bibliographical references (pages 47-48). 606 $aAlgorithms$2nasat 606 $aAnnealing$2nasat 606 $aChannels (data transmission)$2nasat 606 $aHypercube multiprocessors$2nasat 606 $aOptimization$2nasat 606 $aParallel programming$2nasat 606 $aSimulated annealing$2nasat 606 $aSuperconducting devices$2nasat 615 7$aAlgorithms. 615 7$aAnnealing. 615 7$aChannels (data transmission) 615 7$aHypercube multiprocessors. 615 7$aOptimization. 615 7$aParallel programming. 615 7$aSimulated annealing. 615 7$aSuperconducting devices. 700 $aBrouwer$b Randall Jay$01415288 712 02$aUniversity of Illinois at Urbana-Champaign. 712 02$aLangley Research Center. 801 0$bGPO 801 1$bGPO 801 2$bGPO 906 $aBOOK 912 $a9910702360303321 996 $aExperiences with serial and parallel algorithms for channel routing using simulated annealing$93516870 997 $aUNINA LEADER 01611nas 22003972 450 001 9910891431603321 005 20260218112811.0 011 0 $a2309-9461 024 7 $a10.1787/23099461 035 $a(CKB)2660000000032646 035 $a(FR-PaOEC)23099461 035 $a(DE-599)ZDB2772071-8 035 $a(NjHacI)992660000000032646 035 $a(DE-599)2772071-8 035 $a(EXLCZ)992660000000032646 100 $a20171201b1955||| |y l 101 0 $aeng 135 $aur||#|||||n|| 181 $ctxt$2rdacontent 182 $cc$2rdamedia 183 $acr$2rdacarrier 200 10$aReport of the activities of the conference /$fOrganisation for Economic Co-operation and Development = Rapport sur l'activité de la conférence / Organisation de coopération et de développement économiques 210 $aParis $cOECD Publishing 210 1$aParis :$cOECD Publishing,$d1957. 215 $a1 online resource 311 08$a0531-3376 330 3 $aThese reports present a general review of the working of the European Conference of Ministers of Transport and its relations with other international organisations.  As well as detailing the sectoral studies undertaken by the Conference the reports contain a general review of the transport situation in the ECMT area during the year under review. 517 3 $aRapport sur l'activité de la conférence 606 $aTransport 615 4$aTransport. 676 $a387.50621 801 0$bFR-PaOEC 906 $aJOURNAL 912 $a9910891431603321 996 $aReport of the activities of the conference$94253031 997 $aUNINA